Top 15 Most Memorable Rap Beefs In Hip-Hop History - Statistics

General Stats
  • This quiz has been taken 40 times
  • The average score is 14 of 30
Answer Stats
Hint Answer % Correct
1 Kendrick Lamar
91%
1 Notorious B.I.G.
91%
1 Tupac
91%
1 Drake
88%
1 Drake
88%
1 Drake
88%
1 50 Cent
76%
1 50 Cent
76%
1 50 Cent
76%
1 Dr. Dre
71%
1 Jay-Z
68%
1 Nas
68%
1 Ice Cube
62%
1 Ice Cube
62%
1 Pusha T
59%
1 Ja Rule
50%
1 Meek Mill
44%
1 N.W.A.
44%
1 The Game
24%
1 Common
21%
1 LL Cool J
21%
1 Easy E
15%
1 Canibus
12%
1 Jadakiss
12%
1 Gucci Mane
9%
1 KRS-On
6%
1 DJ Quik
3%
1 Young Jeezy
3%
1 Marley Marl
0%
1 MC Eiht
0%
No matching quizzes found
Score Distribution
Percent of People with Each Score
Percentile by Number Answered
Your Score History
You have not taken this quiz